[Event "corr t-161"]
[Site "?"]
[Date "2004.??.??"]
[Round "?"]
[White "Babij, GI."]
[Black "Susedenko, VI."]
[Result "1/2-1/2"]
[WhiteElo "2165"]
[BlackElo "2210"]
[PlyCount "50"]
[EventDate "2004.??.??"]

1. e4 e5 2. Nf3 Nc6 3. d4 exd4 4. Nxd4 Nf6 5. Nxc6 bxc6 6. e5 Qe7 7. Qe2 Nd5 8.
Nd2 g6 9. Nf3 Qb4+ 10. Qd2 Rb8 11. c4 Qxd2+ 12. Bxd2 Nb4 13. Kd1 c5 14. a3 Nc6
15. Bc3 Bg7 16. Kc2 O-O 17. Bd3 Bb7 18. Rhe1 Rfd8 19. b4 Re8 20. b5 Nd8 21. Be4
Bxe4+ 22. Rxe4 c6 23. bxc6 dxc6 24. Rd1 Kf8 25. Rd6 Ne6 1/2-1/2

[Event "corr t-161"]
[Site "?"]
[Date "2004.??.??"]
[Round "?"]
[White "Kovalsky, VV."]
[Black "Andryuschenko, MM."]
[Result "0-1"]
[WhiteElo "2150"]
[BlackElo "2205"]
[PlyCount "106"]
[EventDate "2004.??.??"]

1. e4 c6 2. Nc3 d5 3. Nf3 dxe4 4. Nxe4 Nd7 5. Bc4 Ngf6 6. Neg5 Nd5 7. O-O e6 8.
d4 Be7 9. Re1 h6 10. Ne4 O-O 11. a3 b5 12. Bd3 Qc7 13. Qe2 Bb7 14. b3 a5 15. c4
Nf4 16. Bxf4 Qxf4 17. c5 Rfd8 18. a4 Nf6 19. h3 Qc7 20. Rad1 Rab8 21. Ne5 bxa4
22. Nxf7 Kxf7 23. Nxf6 Bxf6 24. Qxe6+ Kf8 25. Bc4 Rd5 26. bxa4 Rbd8 27. Bxd5
cxd5 28. Rd3 Bc8 29. Qb6 Qxb6 30. cxb6 Ba6 31. Rd2 Rb8 32. Re6 Kf7 33. Rc6 Ke7
34. b7 Bc4 35. Rc5 Rxb7 36. Rxa5 Kd6 37. Ra8 Rb3 38. a5 Kc7 39. Ra7+ Rb7 40.
Rxb7+ Kxb7 41. f4 Ka6 42. Kf2 Kxa5 43. Ke3 Kb4 44. Rc2 Kb3 45. Rc1 Kb2 46. Rd1
Bb3 47. Rd2+ Kc3 48. g3 Bc2 49. g4 g6 50. h4 Bxh4 51. Rh2 Bf6 52. Rxh6 Bxd4+
53. Ke2 53... Bd3+ {Time 37/86} 0-1

[Event "corr t-161"]
[Site "?"]
[Date "2004.??.??"]
[Round "?"]
[White "Andryuschenko, MM."]
[Black "Tsupko, BYu"]
[Result "1-0"]
[WhiteElo "2205"]
[BlackElo "2230"]
[PlyCount "67"]
[EventDate "2004.??.??"]

1. e4 c5 2. c3 d5 3. exd5 Qxd5 4. d4 Nc6 5. Nf3 cxd4 6. cxd4 e6 7. Nc3 Qd6 8.
Be2 Nf6 9. O-O Be7 10. Nb5 Qd8 11. Bf4 Nd5 12. Bg3 O-O 13. Bc4 Qb6 14. Qe2 a6
15. Bxd5 axb5 16. Bb3 Nxd4 17. Nxd4 Qxd4 18. Rfd1 Qb4 19. Be5 Rd8 20. Rxd8+
Bxd8 21. Qd3 Bb6 22. Qg3 Qf8 23. Rd1 f6 24. Bc7 Qc5 25. Rd8+ Kf7 26. Bxb6 Qxb6
27. Rh8 Qa5 28. h4 Bd7 29. Rxh7 Qe1+ 30. Kh2 Rg8 31. Bc2 f5 32. h5 Qd2 33. h6
Qd4 34. Bd1 1-0

[Event "corr t-161"]
[Site "?"]
[Date "2004.??.??"]
[Round "?"]
[White "Andryuschenko, MM."]
[Black "Moiseev, SV."]
[Result "1-0"]
[WhiteElo "2205"]
[BlackElo "2250"]
[PlyCount "77"]
[EventDate "2004.??.??"]

1. e4 c5 2. Nf3 Nc6 3. c3 d5 4. exd5 Qxd5 5. d4 Bg4 6. dxc5 Qxc5 7. Be3 Qa5 8.
h3 Bh5 9. Nbd2 Nf6 10. Qb3 Qc7 11. O-O-O e6 12. g4 Bg6 13. Nh4 O-O-O 14. Nxg6
hxg6 15. Bg2 Nd5 16. Nc4 Nxe3 17. Rxd8+ Nxd8 18. Nxe3 g5 19. Rd1 Nc6 20. Qc4
Be7 21. Qa4 Bc5 22. Nc4 Rd8 23. Bxc6 Rxd1+ 24. Kxd1 Qxc6 25. Qxc6+ bxc6 26. b4
Bxf2 27. Nd6+ Kc7 28. Nxf7 Be3 29. Ke2 Bf4 30. Kd3 a6 31. Kd4 Kd7 32. Ne5+ Kd6
33. Nc4+ Kc7 34. Nb2 Kd6 35. Nd3 e5+ 36. Ke4 Bd2 37. Nc5 Bxc3 38. Nxa6 Ke6 39.
b5 1-0

[Event "corr t-161"]
[Site "?"]
[Date "2004.??.??"]
[Round "?"]
[White "Zholob, AF."]
[Black "Yarmolyuk, YuP"]
[Result "0-1"]
[WhiteElo "2205"]
[BlackElo "2270"]
[PlyCount "96"]
[EventDate "2004.??.??"]

1. d4 d5 2. c4 c6 3. Nf3 Nf6 4. Nc3 e6 5. e3 Nbd7 6. Bd3 dxc4 7. Bxc4 b5 8. Bd3
a6 9. e4 c5 10. d5 c4 11. dxe6 fxe6 12. Bc2 Qc7 13. O-O Bc5 14. Qe2 Ne5 15.
Nxe5 Qxe5 16. Kh1 O-O 17. f4 Qh5 18. Qxh5 Nxh5 19. e5 g5 20. Ne4 Be7 21. f5
Rxf5 22. Rxf5 exf5 23. Nxg5 Ng7 24. Be3 Bb7 25. Kg1 Re8 26. Rf1 Bxg5 27. Bxg5
Rxe5 28. Bf6 Re2 29. Rf2 Re1+ 30. Rf1 Rxf1+ 31. Kxf1 Be4 32. Bxe4 fxe4 33. Ke2
Nf5 34. g4 Kf7 35. Bg5 Kg6 36. Bf4 Ne7 37. Ke3 Nd5+ 38. Kxe4 Nxf4 39. Kxf4 a5
40. h4 b4 41. Ke4 a4 42. Kd4 c3 43. bxc3 b3 44. axb3 a3 45. c4 a2 46. b4 a1=Q+
47. Kc5 Qe5+ 48. Kc6 48... Qd4 {Time 89/27} 0-1

[Event "corr t-161"]
[Site "?"]
[Date "2004.??.??"]
[Round "?"]
[White "Susedenko, VI."]
[Black "Yarmolyuk, YuP"]
[Result "0-1"]
[WhiteElo "2210"]
[BlackElo "2270"]
[PlyCount "96"]
[EventDate "2004.??.??"]

1. d4 Nf6 2. c4 c5 3. d5 b5 4. cxb5 a6 5. bxa6 Bxa6 6. Nc3 d6 7. Nf3 g6 8. g3
Bg7 9. Bg2 O-O 10. O-O Nbd7 11. Qc2 Qa5 12. Bd2 Rfb8 13. h3 Ne8 14. Rfe1 Nc7
15. b3 c4 16. Rac1 cxb3 17. axb3 Rc8 18. e4 Nb5 19. Nxb5 Qxb5 20. Qd1 Rxc1 21.
Bxc1 Nc5 22. Bg5 Qb7 23. Bh4 h6 24. g4 g5 25. Bg3 Bc3 26. Re3 Bd3 27. Rxd3 Ra1
28. Qxa1 Bxa1 29. Rd1 Bc3 30. Nd4 Bxd4 31. Rxd4 Qxb3 32. Kh2 Nd3 33. Bf1 Ne1
34. Bg2 Nf3+ 35. Bxf3 Qxf3 36. Rc4 Kg7 37. Rd4 h5 38. gxh5 Kh6 39. Rc4 Kxh5 40.
Rd4 Kg6 41. Kg1 Qc3 42. Rd1 Qb4 43. f3 Qb3 44. Rf1 f5 45. Kg2 fxe4 46. fxe4
Qc2+ 47. Kg1 Qxe4 48. Re1 48... Qf3 {Time 53/40} 0-1

[Event "corr t-161"]
[Site "?"]
[Date "2004.??.??"]
[Round "?"]
[White "Kovalsky, VV."]
[Black "Voronin, OS."]
[Result "1-0"]
[WhiteElo "2150"]
[BlackElo "2345"]
[PlyCount "81"]
[EventDate "2004.??.??"]

1. e4 e5 2. Nf3 Nc6 3. Bb5 a6 4. Ba4 Nf6 5. O-O Be7 6. Re1 b5 7. Bb3 d6 8. c3
O-O 9. h3 Bb7 10. d4 Re8 11. Nbd2 Bf8 12. Bc2 Nb8 13. a4 Nbd7 14. Bd3 c6 15.
Qc2 Qb6 16. b4 g6 17. Bb2 Nh5 18. c4 exd4 19. cxb5 c5 20. Nc4 Qc7 21. bxa6 Bxa6
22. b5 Bb7 23. a5 d5 24. b6 Qd8 25. exd5 Rxe1+ 26. Nxe1 Bxd5 27. Be4 Nb8 28.
Bxd5 Qxd5 29. Nd3 Na6 30. Re1 Nf6 31. Bc1 Qc6 32. Nde5 Qb5 33. Qd3 Re8 34. Bd2
Re6 35. Nxf7 Rxe1+ 36. Bxe1 Nd7 37. Qe2 Qc6 38. Qe8 Qd5 39. Nfe5 Nxe5 40. Nxe5
Kg7 41. Bd2 {Time 32/116} 1-0

[Event "corr t-161"]
[Site "?"]
[Date "2004.??.??"]
[Round "?"]
[White "Susedenko, VI."]
[Black "Pastyrsky, ChS"]
[Result "1/2-1/2"]
[WhiteElo "2210"]
[BlackElo "2150"]
[PlyCount "99"]
[EventDate "2004.??.??"]

1. d4 Nf6 2. c4 e6 3. Nc3 Bb4 4. Qc2 O-O 5. a3 Bxc3+ 6. Qxc3 b6 7. Bg5 Bb7 8.
f3 d5 9. e3 Nbd7 10. cxd5 exd5 11. Bd3 c5 12. Bf5 Qc7 13. Ne2 Ba6 14. Kf2 Rfe8
15. Rac1 Bxe2 16. Kxe2 h6 17. Bxf6 Nxf6 18. g3 c4 19. Rhe1 b5 20. Kf1 Qc6 21.
Kg1 Re7 22. Re2 Rae8 23. Rce1 g6 24. Bc2 a6 25. Rc1 Nh7 26. e4 dxe4 27. Bxe4
Qd6 28. Rce1 Ng5 29. Kh1 Kh7 30. h4 Ne6 31. h5 Ng5 32. hxg6+ fxg6 33. Kg2 Qd7
34. Kg1 a5 35. a4 Qc7 36. Kg2 b4 37. Qc2 Kg7 38. Bd5 c3 39. bxc3 Rxe2+ 40. Rxe2
Rxe2+ 41. Qxe2 bxc3 42. Bb3 Nf7 43. Bc2 h5 44. Qd3 g5 45. Qg6+ Kf8 46. Bb3 h4
47. gxh4 gxh4 48. Qf5 Kg7 49. Qg4+ Kf8 50. Qf5 {Time 69/72} 1/2-1/2

[Event "corr t-161"]
[Site "?"]
[Date "2004.??.??"]
[Round "?"]
[White "Tesel'ko, VL."]
[Black "Susedenko, VI."]
[Result "0-1"]
[WhiteElo "2230"]
[BlackElo "2210"]
[PlyCount "74"]
[EventDate "2004.??.??"]

1. Nf3 Nf6 2. g3 c5 3. c4 d5 4. cxd5 Nxd5 5. Bg2 Nc6 6. Nc3 Nc7 7. d3 e5 8. O-O
Be7 9. b3 O-O 10. Bb2 b6 11. Rc1 f6 12. Qc2 Bg4 13. Ne4 Qd7 14. a3 Rad8 15. b4
Bxf3 16. Bxf3 f5 17. Nd2 e4 18. Bg2 exd3 19. Qb3+ Kh8 20. Bxc6 Qxc6 21. exd3 f4
22. d4 Qd7 23. Nf3 cxb4 24. axb4 Qd5 25. Qxd5 Nxd5 26. b5 fxg3 27. fxg3 Ne3 28.
Rf2 Bd6 29. Ne5 Kg8 30. Re2 Nd5 31. Ra1 Ra8 32. Nc6 Rf7 33. Kg2 Rd7 34. Ne5 Rc7
35. Kf3 Re7 36. Nc6 Rf8+ 37. Kg4 37... Rxe2 {Time 102/55} 0-1

[Event "corr t-161"]
[Site "?"]
[Date "2004.??.??"]
[Round "?"]
[White "Shabanov, VM."]
[Black "Yarmolyuk, YuP"]
[Result "0-1"]
[WhiteElo "2305"]
[BlackElo "2270"]
[PlyCount "82"]
[EventDate "2004.??.??"]

1. e4 e5 2. Nf3 Nc6 3. Bb5 a6 4. Ba4 Nf6 5. O-O Be7 6. Re1 b5 7. Bb3 O-O 8. c3
d5 9. exd5 Nxd5 10. Nxe5 Nxe5 11. Rxe5 c6 12. d4 Bd6 13. Re1 Qh4 14. g3 Qh3 15.
Be3 Bg4 16. Qd3 Rae8 17. Nd2 Re6 18. a4 Qh5 19. axb5 axb5 20. Qf1 Rfe8 21. Bxd5
Qxd5 22. Qg2 Qh5 23. c4 Bb4 24. d5 cxd5 25. cxd5 R6e7 26. d6 Bxd6 27. Ra8 h6
28. Rea1 Kh7 29. Rxe8 Rxe8 30. Qc6 Re6 31. Qc2+ Bf5 32. Qb3 Qe2 33. Qd5 Bg6 34.
Qf3 Qd3 35. Rc1 Be5 36. b3 Bb2 37. Rc8 Bf5 38. Rf8 Bc3 39. Bf4 Re1+ 40. Kg2 Be4
41. Nxe4 41... Qf1# {Time 63/22} 0-1

[Event "corr t-161"]
[Site "?"]
[Date "2004.??.??"]
[Round "?"]
[White "Pastyrsky, ChS"]
[Black "Tyutyunnyk, RM."]
[Result "0-1"]
[WhiteElo "2150"]
[BlackElo "2155"]
[PlyCount "72"]
[EventDate "2004.??.??"]

1. e4 e5 2. f4 exf4 3. Nf3 g5 4. Bc4 Bg7 5. O-O h6 6. d4 d6 7. c3 Nc6 8. b4 Nf6
9. b5 Na5 10. Bd3 O-O 11. Nbd2 Ng4 12. Nb3 Nxb3 13. axb3 Re8 14. Bd2 Ne3 15.
Bxe3 fxe3 16. Qe2 Be6 17. Ra3 g4 18. Ne1 h5 19. Qxe3 c5 20. bxc6 bxc6 21. Qf4
h4 22. Be2 c5 23. Nc2 Qe7 24. b4 cxb4 25. Nxb4 a5 26. Nc6 Qb7 27. d5 Bxd5 28.
exd5 Rxe2 29. Qxg4 Rae8 30. c4 Qb6+ 31. Kh1 Re1 32. Raf3 Qb1 33. Qf4 f5 34. g4
a4 35. Qxf5 Qxf5 36. gxf5 36... a3 {Time 60/85} 0-1

[Event "corr t-161"]
[Site "?"]
[Date "2004.??.??"]
[Round "?"]
[White "Voronin, OS."]
[Black "Andryuschenko, MM."]
[Result "0-1"]
[WhiteElo "2345"]
[BlackElo "2205"]
[PlyCount "58"]
[EventDate "2004.??.??"]

1. e4 c6 2. d4 d5 3. e5 Bf5 4. h4 h5 5. c4 e6 6. Nc3 Ne7 7. Bg5 Qb6 8. Qd2 Nd7
9. c5 Qc7 10. Nf3 f6 11. Bf4 Ng6 12. Bg3 fxe5 13. Bd3 Be7 14. O-O O-O 15. Rfe1
Qd8 16. Nxe5 Ndxe5 17. Bxe5 Bxh4 18. g3 Be7 19. b4 h4 20. Rad1 b5 21. a4 a5 22.
bxa5 bxa4 23. Nxa4 Qxa5 24. Nb6 Qxd2 25. Rxd2 Nxe5 26. Rxe5 Ra1+ 27. Kg2 h3+
28. Kh2 Bg4 29. Be2 Rxf2# 0-1

[Event "corr t-161"]
[Site "?"]
[Date "2004.??.??"]
[Round "?"]
[White "Pastyrsky, ChS"]
[Black "Andryuschenko, MM."]
[Result "1/2-1/2"]
[WhiteElo "2150"]
[BlackElo "2205"]
[PlyCount "75"]
[EventDate "2004.??.??"]

1. e4 c6 2. d4 d5 3. Nc3 dxe4 4. Nxe4 Nd7 5. Ng5 Ngf6 6. Bd3 e6 7. N1f3 Bd6 8.
Qe2 h6 9. Ne4 Nxe4 10. Qxe4 Qc7 11. Qg4 Kf8 12. O-O c5 13. Re1 b6 14. c3 Bb7
15. Qh3 Ke7 16. Be2 Rhd8 17. Be3 Nf6 18. Qh4 Rac8 19. dxc5 bxc5 20. Nd2 Kf8 21.
Nc4 Nd5 22. Nxd6 Rxd6 23. Bd2 Rcd8 24. Qg3 c4 25. b3 Ba6 26. b4 R6d7 27. Qxc7
Rxc7 28. a4 Rcd7 29. b5 Bb7 30. Red1 Ke8 31. f3 e5 (31... Nb4 32. Bxh6 $1) 32.
Kf1 f5 33. Re1 Re7 34. Rad1 Rc7 35. Kf2 Kf7 36. g3 g5 37. Bc1 Rdd7 38. Bb2
1/2-1/2

[Event "corr t-161"]
[Site "?"]
[Date "2004.??.??"]
[Round "?"]
[White "Voronin, OS."]
[Black "Zholob, AF."]
[Result "1/2-1/2"]
[WhiteElo "2345"]
[BlackElo "2205"]
[PlyCount "60"]
[EventDate "2004.??.??"]

1. e4 e6 2. d4 d5 3. Nd2 c5 4. exd5 Qxd5 5. Ngf3 cxd4 6. Bc4 Qd6 7. O-O Nf6 8.
Nb3 Nc6 9. Nbxd4 Nxd4 10. Nxd4 a6 11. Bb3 Qc7 12. Re1 Bd6 13. h3 Bd7 14. c3
O-O-O 15. Qf3 Kb8 16. Bg5 Rhg8 17. Rad1 h6 18. Bh4 Bf4 19. Ne2 Be5 20. Qe3 Bh2+
21. Kh1 g5 22. Bg3 Bxg3 23. Qxg3 Nh5 24. Qxc7+ Kxc7 25. Nd4 Nf4 26. Kh2 b6 27.
g3 Ng6 28. Bc4 Bc8 29. a4 Rgf8 30. Bd3 30... Ne7 {Time 66/51} 1/2-1/2

[Event "corr t-161"]
[Site "?"]
[Date "2004.??.??"]
[Round "?"]
[White "Tyutyunnyk, RM."]
[Black "Kochan, IM."]
[Result "1-0"]
[WhiteElo "2155"]
[BlackElo "2175"]
[PlyCount "111"]
[EventDate "2004.??.??"]

1. e4 e5 2. Nf3 Nc6 3. Bb5 a6 4. Ba4 Nf6 5. O-O Be7 6. Re1 b5 7. Bb3 O-O 8. c3
d6 9. h3 Bb7 10. d4 Re8 11. Nbd2 Bf8 12. a4 h6 13. Bc2 exd4 14. cxd4 Nb4 15.
Bb1 c5 16. d5 Nd7 17. Ra3 Be7 18. Nf1 Bf6 19. Ng3 Nb6 20. axb5 axb5 21. Rxa8
Qxa8 22. Nf5 Qd8 23. Bf4 Nc4 24. b3 Ne5 25. Nxe5 Bxe5 26. Bxe5 Rxe5 27. Qg4 Qf6
28. f4 Re8 29. Qg3 Ra8 30. h4 Kh8 31. e5 dxe5 32. fxe5 Qg6 33. Qxg6 fxg6 34.
Nd6 Bxd5 35. e6 Nc6 36. e7 Nxe7 37. Rxe7 Ra1 38. Re8+ Bg8 39. Re1 Bxb3 40. Nxb5
Bc2 41. Nc3 Bf5 42. Kf2 Ra3 43. Nb5 Ra4 44. Bxf5 gxf5 45. h5 Rh4 46. Re5 Rxh5
47. Rxc5 g6 48. Rc7 f4 49. Nd4 Rd5 50. Ne6 Rd2+ 51. Kf3 g5 52. Kg4 Rxg2+ 53.
Kh5 Ra2 54. Kxh6 Ra8 55. Kxg5 f3 56. Kh6 {Time 106/102} 1-0

[Event "corr t-161"]
[Site "?"]
[Date "2004.??.??"]
[Round "?"]
[White "Kochan, IM."]
[Black "Zakharov, OYu"]
[Result "0-1"]
[WhiteElo "2175"]
[BlackElo "2150"]
[PlyCount "76"]
[EventDate "2004.??.??"]

1. e4 c5 2. Nf3 e6 3. d4 cxd4 4. Nxd4 Nf6 5. Nc3 d6 6. Be2 Nc6 7. Be3 Be7 8.
O-O O-O 9. f4 Qc7 10. Kh1 Bd7 11. Qe1 Na5 12. Rd1 Nc4 13. Ndb5 Bxb5 14. Nxb5
Qc6 15. Nd4 Qc7 16. Nb5 Qc6 17. Bxc4 Qxc4 18. Nc3 d5 19. exd5 Nxd5 20. Rd4 Qc6
21. Nxd5 exd5 22. c3 Bc5 23. Rd3 Rae8 24. Qd2 Bxe3 25. Rxe3 Re4 26. Rxe4 dxe4
27. Rd1 Qb6 28. b3 Re8 29. c4 e3 30. Qe2 h5 31. f5 Qf6 32. Qxh5 Qb2 33. Qg5 Qf2
34. f6 g6 35. Qb5 Re6 36. Qb4 Rxf6 37. h3 e2 38. Rd8+ 38... Kh7 {Time 72/48}
0-1

[Event "corr t-161"]
[Site "?"]
[Date "2004.??.??"]
[Round "?"]
[White "Bayda, VP."]
[Black "Kochan, IM."]
[Result "1-0"]
[WhiteElo "2160"]
[BlackElo "2175"]
[PlyCount "97"]
[EventDate "2004.??.??"]

1. e4 e5 2. Nf3 Nc6 3. Bb5 a6 4. Ba4 Nf6 5. O-O Be7 6. Re1 b5 7. Bb3 d6 8. c3
O-O 9. h3 Na5 10. Bc2 c5 11. d4 Qc7 12. Nbd2 Nc6 13. d5 Na5 14. b3 Bd7 15. Nf1
Nb7 16. Ne3 c4 17. b4 Rae8 18. Nf5 Bxf5 19. exf5 a5 20. Ng5 axb4 21. cxb4 Ra8
22. g4 Rfc8 23. Ne4 Nxe4 24. Rxe4 Qd8 25. Kg2 Bh4 26. Qe2 Bg5 27. Bxg5 Qxg5 28.
a4 Qe7 29. Ra3 f6 30. Rg3 Qd7 31. axb5 Qxb5 32. g5 Kh8 33. Rh4 Rc7 34. Qh5
Qxd5+ 35. Be4 Qg8 36. Qf3 fxg5 37. Rxg5 c3 38. Bd5 c2 39. Bxg8 c1=Q 40. Qh5
Qxg5+ 41. Qxg5 Kxg8 42. Qd2 Kh8 43. Qd5 Rf8 44. Rc4 Re7 45. b5 h6 46. b6 Rff7
47. Rc8+ Kh7 48. h4 g6 49. f6 1-0

[Event "corr t-161"]
[Site "?"]
[Date "2004.??.??"]
[Round "?"]
[White "Zakharov, OYu"]
[Black "Tsupko, BYu"]
[Result "1-0"]
[WhiteElo "2150"]
[BlackElo "2230"]
[PlyCount "89"]
[EventDate "2004.??.??"]

1. e4 Nf6 2. e5 Nd5 3. d4 d6 4. Nf3 g6 5. Bc4 Nb6 6. Bb3 Bg7 7. Ng5 e6 8. Qe2
Nc6 9. Nf3 dxe5 10. dxe5 Nd4 11. Nxd4 Qxd4 12. f4 Nd5 13. c3 Qc5 14. Na3 O-O
15. c4 Ne7 16. Be3 Qb4+ 17. Bd2 Qc5 18. Nc2 Nc6 19. Ba4 Rd8 20. b4 Qe7 21. Bxc6
bxc6 22. Be3 a5 23. Bc5 Qh4+ 24. g3 Qh3 25. Rb1 Ba6 26. a3 Bf8 27. Ne3 Bxc5 28.
bxc5 Rab8 29. Qc2 h5 30. Ke2 h4 31. Kf3 Kg7 32. Rbd1 Rxd1 33. Rxd1 a4 34. Qd2
g5 35. Rg1 Rb3 36. Ke4 hxg3 37. Rxg3 Qh7+ 38. Kd4 Kf8 39. fxg5 Rxa3 40. g6 Qh4+
41. Rg4 Qh5 42. h4 Rb3 43. Qf2 f5 44. Rg5 Rb2 45. Qf4 {Time 54/59} 1-0

[Event "corr t-161"]
[Site "?"]
[Date "2004.??.??"]
[Round "?"]
[White "Kochan, IM."]
[Black "Shabanov, VM."]
[Result "1-0"]
[WhiteElo "2175"]
[BlackElo "2305"]
[PlyCount "77"]
[EventDate "2004.??.??"]

1. e4 c5 2. Nf3 e6 3. d4 cxd4 4. Nxd4 a6 5. Nc3 Qc7 6. Be2 Nc6 7. Be3 Bb4 8.
Nxc6 Bxc3+ 9. bxc3 bxc6 10. Bd4 f6 11. Bc5 d5 12. Qd4 e5 13. Qa4 Ne7 14. Rb1
Kf7 15. O-O Re8 16. Rb6 a5 17. Bh5+ g6 18. Be2 Be6 19. Rfb1 Reb8 20. Rxb8 Rxb8
21. Rxb8 Qxb8 22. exd5 Nxd5 23. Qxa5 Qb1+ 24. Bf1 g5 25. Qa7+ Kg6 26. Bf8 Bf7
27. Qa6 Nf4 28. g3 Nh3+ 29. Kg2 Be6 30. Bc5 g4 31. Qxc6 Qxc2 32. c4 Qb1 33. f3
Qxa2+ 34. Kh1 Qa1 35. Kg2 Qb2+ 36. Kh1 Qc1 37. Kg2 Qc2+ 38. Kh1 gxf3 39. Qxe6
1-0

[Event "corr t-161"]
[Site "?"]
[Date "2004.??.??"]
[Round "?"]
[White "Tesel'ko, VL."]
[Black "Shabanov, VM."]
[Result "1-0"]
[WhiteElo "2230"]
[BlackElo "2305"]
[PlyCount "63"]
[EventDate "2004.??.??"]

1. c4 Nf6 2. Nc3 g6 3. g3 Bg7 4. Bg2 d6 5. e4 e5 6. Nge2 O-O 7. O-O Nc6 8. d3
Be6 9. h3 Nd7 10. f4 f5 11. b3 Kh8 12. Bb2 Nc5 13. fxe5 dxe5 14. Ba3 Nxd3 15.
Bxf8 Bxf8 16. Kh2 Bc5 17. Nc1 Nf2 18. Qe1 Nxe4 19. Nxe4 fxe4 20. Bxe4 Qd4 21.
Rb1 Rf8 22. Rxf8+ Bxf8 23. Bxc6 bxc6 24. Ne2 Qe4 25. Rd1 Bb4 26. Qf2 Kg7 27.
Rf1 h5 28. Ng1 Bf5 29. Nf3 Kh6 30. Nh4 Kg5 31. Ng2 a5 32. g4 {Time 79/77} 1-0

[Event "corr t-161"]
[Site "?"]
[Date "2004.??.??"]
[Round "?"]
[White "Zakharov, OYu"]
[Black "Shabanov, VM."]
[Result "1-0"]
[WhiteElo "2150"]
[BlackElo "2305"]
[PlyCount "87"]
[EventDate "2004.??.??"]

1. e4 c5 2. Nf3 d6 3. d4 cxd4 4. Nxd4 Nf6 5. Nc3 a6 6. Bg5 e6 7. f4 Be7 8. Qf3
Qc7 9. O-O-O Nbd7 10. Qg3 h6 11. Bh4 g5 12. fxg5 Nh5 13. Qe3 Qc5 14. Qd2 Bxg5
15. Bxg5 Qxg5 16. Be2 Nhf6 17. Nf3 Qxd2+ 18. Rxd2 Ke7 19. Rhd1 Ne8 20. Rd4 b6
21. Nd2 Ne5 22. Nc4 Nxc4 23. Rxc4 Bd7 24. Rcd4 Ra7 25. a4 Rg8 26. g3 Rg5 27.
Rb4 b5 28. axb5 axb5 29. Bxb5 Rb7 30. Bxd7 Rxb4 31. Bxe8 Kxe8 32. Rxd6 h5 33.
b3 Ke7 34. Rd3 f5 35. Re3 fxe4 36. Nxe4 Re5 37. c4 Rb8 38. Kc2 Rd8 39. Kc3 Ra5
40. h3 Ra1 41. Nc5 Rd6 42. Nd3 Rh1 43. Nf4 Kf7 44. h4 {Time 33/70} 1-0

[Event "corr t-161"]
[Site "?"]
[Date "2004.??.??"]
[Round "?"]
[White "Zakharov, OYu"]
[Black "Kovalsky, VV."]
[Result "1/2-1/2"]
[WhiteElo "2150"]
[BlackElo "2150"]
[PlyCount "132"]
[EventDate "2004.??.??"]

1. e4 c5 2. Nf3 d6 3. d4 cxd4 4. Nxd4 Nf6 5. Nc3 a6 6. Bg5 e6 7. f4 Qb6 8. a3
Nc6 9. Nb3 Be7 10. Qf3 Bd7 11. O-O-O Qc7 12. Be2 Rc8 13. Rd3 b5 14. Rhd1 b4 15.
Bxf6 gxf6 16. axb4 Nxb4 17. Re3 Ba4 18. Na1 Bc6 19. f5 Qb6 20. Qh3 Rb8 21. fxe6
fxe6 22. Kd2 h5 23. Qxe6 Qd4+ 24. Bd3 Bd7 25. Qc4 Qe5 26. Nd5 Bd8 27. Nb3 a5
28. Nd4 Rc8 29. Nf3 Qxb2 30. Qb3 Qxb3 31. cxb3 Rg8 32. g3 Nxd5 33. exd5+ Kf7
34. Rf1 Bb6 35. Re4 Bc5 36. Nh4 Bb4+ 37. Ke2 Rg4 38. Rc4 Re8+ 39. Kf3 Bc5 40.
Kg2 Re5 41. Rcf4 Rxf4 42. Rxf4 Bg4 43. Bc4 Re1 44. h3 Be2 45. Nf3 Bxc4 46. Nxe1
Bxd5+ 47. Kf1 Bxb3 48. Nd3 Kg6 49. Ke2 Bb6 50. Kd2 f5 51. Kc3 a4 52. Rh4 Kg5
53. Kb2 Bg1 54. Rf4 Bd1 55. Kc1 Bg4 56. Kd2 Bxh3 57. Rxa4 Bg4 58. Ke1 h4 59.
gxh4+ Kxh4 60. Ra8 Bd4 61. Rd8 Be5 62. Kf2 Kg5 63. Re8 Kf6 64. Ke3 Bh5 65. Rf8+
Bf7 66. Nf4 66... Ke7 {Time 86/58} 1/2-1/2

[Event "corr t-161"]
[Site "?"]
[Date "2004.??.??"]
[Round "?"]
[White "Zholob, AF."]
[Black "Zakharov, OYu"]
[Result "0-1"]
[WhiteElo "2205"]
[BlackElo "2150"]
[PlyCount "78"]
[EventDate "2004.??.??"]

1. d4 Nf6 2. c4 e6 3. Nf3 b6 4. a3 Bb7 5. Nc3 d5 6. Qc2 dxc4 7. e4 c5 8. d5
exd5 9. exd5 Nxd5 10. Bxc4 Nxc3 11. Qxc3 Qe7+ 12. Kf1 Qd6 13. Bg5 f6 14. Re1+
Be7 15. Bh4 Nc6 16. Bg3 Qd7 17. Be6 Qd8 18. h4 Nd4 19. Nxd4 Qxd4 20. Qxd4 cxd4
21. Rd1 a5 22. Rxd4 Bc5 23. Rd1 Rd8 24. Re1 Kf8 25. a4 Rd2 26. b3 h5 27. Bc4 g6
28. f3 Kg7 29. Re2 Rhd8 30. Rh2 Bd5 31. Bxd5 R8xd5 32. Be1 Rxe2 33. Kxe2 Re5+
34. Kd1 Re3 35. g4 Rxb3 36. gxh5 Rb1+ 37. Ke2 gxh5 38. Bc3 Rb3 39. Kd3 Ra3 0-1

[Event "corr t-161"]
[Site "?"]
[Date "2004.??.??"]
[Round "?"]
[White "Zholob, AF."]
[Black "Bayda, VP."]
[Result "1/2-1/2"]
[WhiteElo "2205"]
[BlackElo "2160"]
[PlyCount "77"]
[EventDate "2004.??.??"]

1. d4 Nf6 2. c4 g6 3. Nc3 Bg7 4. e4 d6 5. Be2 O-O 6. Nf3 Bg4 7. Be3 Nfd7 8. Rc1
e5 9. Ng1 Bxe2 10. Ngxe2 Nc6 11. O-O a6 12. a3 Re8 13. d5 Ne7 14. b4 Nb6 15.
Qb3 Nbc8 16. c5 h6 17. a4 Kh7 18. Rc2 Ng8 19. g3 Nce7 20. f3 Qd7 21. Kg2 f5 22.
b5 axb5 23. Nxb5 dxc5 24. Rxc5 Rec8 25. Rd1 fxe4 26. fxe4 Nf6 27. Qc2 Qg4 28.
Nec3 Ne8 29. Rf1 c6 30. dxc6 bxc6 31. Na3 Nd6 32. Nc4 Nxc4 33. Rxc4 Nf5 34. Bc5
Rf8 35. exf5 Qxc4 36. Bxf8 Bxf8 37. fxg6+ Kh8 38. Rc1 Rd8 39. Ne4 1/2-1/2

[Event "corr t-161"]
[Site "?"]
[Date "2004.??.??"]
[Round "?"]
[White "Shabanov, VM."]
[Black "Bayda, VP."]
[Result "0-1"]
[WhiteElo "2305"]
[BlackElo "2160"]
[PlyCount "86"]
[EventDate "2004.??.??"]

1. e4 d6 2. d4 Nf6 3. Nc3 g6 4. Be2 Bg7 5. Nf3 O-O 6. O-O Bg4 7. Be3 Nc6 8. Qd2
e5 9. d5 Ne7 10. Rad1 Bd7 11. Ne1 b5 12. f3 Qb8 13. Nd3 a5 14. Nf2 Nh5 15. g4
Nf4 16. Bxf4 exf4 17. Qxf4 b4 18. Nb1 Bxb2 19. Qg3 Kh8 20. f4 Qb6 21. Nd2 Qc5
22. e5 f5 23. exf6 Bxf6 24. Nde4 Qb6 25. Nxf6 Rxf6 26. Kh1 Re8 27. Bf3 Ref8 28.
Nh3 Kg7 29. Rde1 Ng8 30. Bg2 Qd4 31. Qh4 Bc8 32. Re4 Qd2 33. Rfe1 Qxc2 34. Ng5
h6 35. Ne6+ Bxe6 36. dxe6 d5 37. Rd4 c6 38. g5 Rf5 39. Bh3 hxg5 40. Bxf5 Qxf5
41. fxg5 Qf3+ 42. Kg1 Ne7 43. Rdd1 43... Rf4 {Time 63/58} 0-1

[Event "corr t-161"]
[Site "?"]
[Date "2004.??.??"]
[Round "?"]
[White "Yarmolyuk, YuP"]
[Black "Zakharov, OYu"]
[Result "1-0"]
[WhiteElo "2270"]
[BlackElo "2150"]
[PlyCount "121"]
[EventDate "2004.??.??"]

1. b4 e6 2. Bb2 Nf6 3. a3 a5 4. b5 d5 5. e3 Nbd7 6. c4 Bd6 7. Nf3 Nb6 8. d3 Qe7
9. Nbd2 dxc4 10. dxc4 Nbd7 11. Be2 e5 12. Qc2 O-O 13. O-O Nc5 14. Rad1 Rd8 15.
Nb3 Nxb3 16. Qxb3 Bg4 17. h3 Bf5 18. c5 Bxc5 19. Nxe5 a4 20. Qa2 Be6 21. Bc4
Bxc4 22. Nxc4 Ne8 23. Be5 Rxd1 24. Rxd1 Qe6 25. Qc2 c6 26. Rb1 Rc8 27. Qxa4
Bxe3 28. Nxe3 Qxe5 29. bxc6 bxc6 30. Qa6 Qe6 31. Rc1 Nf6 32. a4 c5 33. Qxe6
fxe6 34. Nc4 Ra8 35. a5 Nd5 36. g3 g5 37. Kg2 Kf7 38. Ne5+ Kf6 39. Ng4+ Ke7 40.
Rxc5 Kd6 41. Rb5 Ra7 42. Nh6 Kc6 43. Rb8 Rxa5 44. Re8 Kd7 45. Rh8 Nf6 46. Rf8
Ne4 47. Rf7+ Kd6 48. Rxh7 Ra2 49. Ng4 Ra5 50. Rg7 Ra4 51. Kf3 Nd2+ 52. Ke3 Ne4
53. h4 gxh4 54. gxh4 Nc3 55. h5 Nd5+ 56. Kf3 Ra3+ 57. Ne3 Ke5 58. h6 Nxe3 59.
fxe3 Kf6 60. Rg1 Ra8 61. h7 {Time 57/66} 1-0

[Event "corr t-161"]
[Site "?"]
[Date "2004.??.??"]
[Round "?"]
[White "Tesel'ko, VL."]
[Black "Tsupko, BYu"]
[Result "0-1"]
[WhiteElo "2230"]
[BlackElo "2230"]
[PlyCount "76"]
[EventDate "2004.??.??"]

1. c4 c5 2. Nf3 Nf6 3. Nc3 e6 4. g3 b6 5. Bg2 Bb7 6. O-O Be7 7. d4 cxd4 8. Qxd4
d6 9. e4 a6 10. Qe3 O-O 11. Nd4 Nbd7 12. b3 Qc7 13. Bb2 Rfe8 14. Rfe1 Bf8 15.
Re2 Rac8 16. Rd1 Qb8 17. Qd2 Nc5 18. Ba1 Qa8 19. f3 Red8 20. Kh1 h6 21. Qe3 Re8
22. Qd2 Red8 23. Re3 Be7 24. Bb2 Ne8 25. f4 g6 26. Qe2 Bf6 27. Rd2 Qb8 28. Qf2
Qa8 29. Nde2 b5 30. cxb5 axb5 31. b4 Na4 32. e5 dxe5 33. Rxd8 Rxd8 34. Nxa4
Rd1+ 35. Ng1 exf4 36. Rf3 Qxa4 37. Rxf4 e5 38. Bxb7 38... exf4 {Time 74/57} 0-1